| 000 | 00475nam a2200157 a 4500 | ||
|---|---|---|---|
| 001 | 4111 | ||
| 005 | 20140414132029.0 | ||
| 008 | 090202s19uu xx 00 eng d | ||
| 020 | _a0-590-42603-6 | ||
| 050 |
_aTR _bL52 1983 |
||
| 100 | _aDePaola, Tomie | ||
| 245 |
_aThe Legend of the bluebonnet : _ban old tale of Texas / _cretold and illustrated by Tomie DePaola. |
||
| 260 |
_aNew York : _bScholastic, _cc1983. |
||
| 300 | _a1 v. (unpaged) : col., ill. ; | ||
| 999 |
_c113581 _d113581 |
||